000 00783nam#a22003015ar4500
001 193
008 060404s1998####mx#aco#d#####|||1#||spa|d
245 1 0 _aAlgebra y Trigonometría /
_cStanley A. Smith, Randall L. Charles, Jhon A Dossey.
250 _a1ª ed.
260 _aMéxico :
_bAddison Wesley Longman,
_c1998.
300 _a1027 p. :
_bil., fot. ;
_c18 cm.
020 _a9684442971
100 1 _aSmith, Stanley A.
700 1 _aCharles, Randall L.
700 1 _aDossey, Jhon A.
080 _a512.5
084 _aS61
653 _aNúmeros Reales
653 _aAlgebra
653 _aEcuaciones
653 _aDesigualdades
653 _aPotencias
653 _aRaices
040 _aAR-ClEAG
_cAR-ClEAG
005 20241107184627.0
003 AR-ClEAG
942 _cBK
999 _c193
_d193
980 _62
_aEvangelina Gallicchio
_82
_gEvangelina Gallicchio